| 000 | 00416nam a2200169Ia 4500 | ||
|---|---|---|---|
| 008 | 230524s9999 xx 000 0 und d | ||
| 020 | _a9788189866792 | ||
| 082 |
_a621.3813 _bRAJ |
||
| 100 | _aG.S.N. Raju | ||
| 245 | 0 | _aMicrowave Engineering | |
| 250 | _a1 | ||
| 260 |
_aNew Delhi _bI.K.International _c2013 |
||
| 300 | _a"XVIII,427p:" | ||
| 500 | _aQuantity Number: 1 | ||
| 650 | _aElectronics | ||
| 942 | _cBK | ||
| 999 |
_c57942 _d57942 |
||